000 01404cam a22001814a 4500
005 20250605164218.0
008 250528s ||||||||||||||||||||||||d
035 _a20569
040 _aGR-AtMCL
_bgre
_dGR-AtMCL
_eAACR2
245 1 _aΤεχνολογικές Εφαρμογές Πλάσματος
260 _bΔημοκρίτειο Πανεπιστήμιο Θράκης,
_c1994
300 _a164
520 _aΠλάσμα, Ορισμός - Γενικά, Ιδιότητες του Πλάσματος, Πέπλο Φορτίου Πλησίον Γειωμένου Υλικού Στρώματος, Θωράκιση Debye, Θερμοκρασία Πλάσματος, Ταλαντώσεις Πλάσματος, Εκκενώσεις Αίγλης, Γενικά, Εκκενώσεις Αίγλης Συνεχούς Ρεύματος, Σχήματα, Εκκενώσεις Αίγλης Εναλλασσόμενου Ρεύματος σε Ραδιοσυχνότητες, Εφαρμογές, Μαγνητοϋδροδυναμικές Γεννήτριες, Συσκευές Προώθησης με Πλάσμα, Παραρτήματα, Διανυσματικός Λογισμός και Ηλεκτρομαγνητική Θεωρία, Πλάσμα, Φυσικές Σταθερές, Βιβλιογραφία.
700 1 _aΤσάγκας Νικόλαος Φ
_96544
942 _cBK
999 _c5660
_d5660